• 首页
  • 本馆介绍
  • 公告通知
  • 最新文献
  • 馆藏检索
  • 电子资源
  • 读者导购
  • 参考咨询
  • 我的图书馆
  • 登录
  • 详细信息显示
  • 放入我的书架
  • 预约/预借图书
  • 作者相关作品
  • 分类相关作品
  • 丛书相关作品
  • 出版社相关作品

书目信息

  • 表格格式
  • 工作单格式
  • 卡片格式
题名:
简明美学辞典
    
 
作者: 奥夫相尼柯夫 , Овсянников , 拉祖姆内依 , Разумный 主编 ;冯申 译
分册:  
出版信息: 北京   知识出版社  1981
页数: 258页
开本: 19cm
丛书名:
单 册:
中图分类: B83-61 , B-61
科图分类:
主题词: 哲学--词典
电子资源:
ISBN:
000 01102nam0 2200325 45
001 1532541820
005 20150120090248.71
010    @dCNY0.88
091    @aCN@b2214.1
100    @a19950703d1981 emky0chiy0121 ea
101 1  @achi@crus
102    @aCN@b110000
105    @ay e 000yy
200 10 @a简明美学辞典@Ajian ming mei xue ci dian@f(苏)奥夫相尼柯夫(М.Ф.Овсянников),(苏)拉祖姆内依(В.А.Разумный)主编@g冯申译
210    @a北京@c知识出版社@d1981
215    @a258页@d19cm
300    @a书名原文:Краткий словарь по эстетике
510 1  @aКраткий словарь по эстетике@zrus
517 1  @a美学辞典@Amei xue ci dian
606    @a哲学@x词典
690    @aB83-61@v3
690    @aB-61@v4
701  1 @a奥夫相尼柯夫@Aao fu xiang ni ke fu@bМ.Ф.@4主编
701 A1 @aОвсянников@bМ.Ф.@4主编
701  1 @a拉祖姆内依@Ala zu mu nei yi@bВ.А.@4主编
701 A1 @aРазумный@bВ.А.@4主编
702  0 @a冯申@Afeng shen@4译
801  0 @aCN@bTSSF@c20150120
801  2 @aCN@bNLC
905    @aZUCC@dB-61@eJY5
    
    简明美学辞典/(苏)奥夫相尼柯夫(М.Ф.Овсянников),(苏)拉祖姆内依(В.А.Разумный)主编/冯申译.-北京:知识出版社,1981
    258页;19cm
    书名原文:Краткий словарь по эстетике
    
    ISBN :CNY0.88
    
●
相关链接 在E读中查询图书 在五车中查询图书 在当当中查询图书 在豆瓣中查询图书


正题名:简明美学辞典     索取号:B-61/JY5         预约/预借

序号 登录号 条形码 馆藏地/架位号 状态 备注
1 7836831   278368311   学院路分馆/ [索取号:B-61/JY5] 在馆    
唐山师范学院图书馆 欢迎您!
大连网信软件有限公司© 版权所有